000 00336nam a2200145Ia 4500
008 191201s2011 xx 000 0 und d
082 _a624.151
_bGUG
100 _aGULATI, Shashi K
245 0 _aGeotechnical Engineering
250 _aRep
260 _aN. Delhi
_bTMH
_c2011
300 _a738
650 _aB.Tech(CE)
942 _2ddc
_cBK
999 _c5295
_d5295